00594nam a2200169 4500001000700000003000900007007000300016008004100019100003300060245012700093250001300220260007300233300002200306700002400328710004100352852003100393123977ES-MaACLt|070214s1966 sp r ||||1| spa d0 aRamos Torres, José Ignacio13aEl transporte en España b: organización y magnitudes económicas /cJosé Ignacio Ramos Torres, M. Martín Blanco. a1ª. ed. aMadrid : bEstudios del Instituto de Desarrollo Económico, c1966. a258 p. ; c21 cm.1 aMartín Blanco, M.2 aInstituto de Desarrollo Económico. aES-MaACLjG-5568 bR.68608